|
|
|
|
| LEADER |
01025nam a2200277 u 4500 |
| 001 |
10023157 |
| 003 |
upatras |
| 005 |
20210117205738.0 |
| 008 |
990123s1999 us eng |
| 020 |
|
|
|a 0138418918
|
| 040 |
|
|
|a GR-PaULI
|c GR-PaULI
|
| 041 |
0 |
|
|a eng
|
| 082 |
0 |
4 |
|a 546
|
| 100 |
1 |
|
|a Miessler, Gary L.
|9 148955
|
| 245 |
1 |
0 |
|a Inorganic chemistry
|c Gary L. Miessler, Donald A. Tarr
|
| 250 |
|
|
|a 2nd edition
|
| 260 |
|
|
|a Upper Saddle River, N.J.
|b Prentice Hall
|c 1999
|
| 300 |
|
|
|a xiii, 642 p.
|b fig.
|c 26 cm.
|
| 504 |
|
|
|a Includes bibliography, appendixes and index
|
| 650 |
|
4 |
|a Χημεία, Ανόργανη
|9 3448
|
| 700 |
1 |
|
|a Tarr, Donald A.
|9 148956
|
| 852 |
|
|
|a GR-PaULI
|b ΠΑΤΡΑ
|b ΒΚΠ
|b ΒΣ1
|k ΑΣΧΞ
|h 546 M
|m 045394
|p 025000058773
|t 1
|
| 942 |
|
|
|2 ddc
|c BK15
|
| 952 |
|
|
|0 0
|1 0
|4 0
|6 546_000000000000000_M
|7 0
|9 189322
|a LISP
|b LISP
|c BSC
|d 2016-04-24
|i 045394
|l 1
|m 1
|o 546 M
|p 025000058773
|r 2017-01-17 00:00:00
|s 2016-12-21
|t 1
|w 2016-04-24
|y BK15
|
| 998 |
|
|
|c ΠΑΝΑΓΟΠΟΥΛΟΥ
|d 1999-07
|
| 999 |
|
|
|c 116627
|d 116627
|